000 00445nam a22001817a 4500
003 PILC
005 20151021143634.0
008 130312t xxu||||| |||| 00| 0 eng d
020 _a039480001X
050 _aPC 4629
_b.Se496 1957
082 _a PC4629
_b.G4 1957
245 _aThe cat in the hat
_cDr. Seuss
260 _aNew York
_bRandom House
_c1957
300 _a61 p.
_c24 cm.
521 _aGrade 6
942 _2lcc
_cBK
999 _c11950
_d11950